000 00496nam a2200193Ia 4500
005 20250326123819.0
008 250326s9999 xx 000 0 und d
037 _aTextbook
040 _aFMSL
_beng
_cFMSL
041 _aeng
_2eng
084 _aS(T:57) L5
_qFMSL
100 _aLopez F M
_9736170
245 0 _aPersonal interveiwing
_cLopez F M
250 _a2
260 _aNY
_bNY, McGraw Hill
_c1975
300 _a357p
942 _cTB
_hS(T:57) L5
999 _c1271064
_d1271064